000 00991nam a2200301 4500
003 OSt
005 20260601170959.0
008 260421b2016\\\\usaa||||\||||\00|\0\eng\d
020 _a9786058603752
040 _aICI
_bspa
_cICI
050 _aHD30.28
_b.D47 2016
100 1 _aEmrah Yayici
_931170
110 2 _aDesign Thinkers Academy
_931171
245 1 _aDesign thinking methodology book /
_cDesign Thinkers Academy
264 _bDesign Thinkers Academy,
_c2016
_aAmsterdam :
300 _a116 páginas
336 _atexto
_2rdacontent
337 _asin medio
_2rdamedia
338 _avolumen
_2rdacarrier
500 _aGuía práctica sobre metodologías de design thinking aplicadas a la innovación
650 _aPensamiento de diseño
_931172
650 _aInnovación
_xAdministración
_931173
650 _aDesarrollo de productos
650 _aCreatividad en los negocios
_931175
650 _aDiseño
_xMetodología
655 _2local
_aGuías prácticas
942 _2lcc
_cB
999 _c20001
_d20001